| 000 | 00898 a2200217 4500 | ||
|---|---|---|---|
| 999 |
_c25610 _d25610 |
||
| 005 | 20190228134027.0 | ||
| 008 | 090401t xxu||||| |||| 00| 1 eng d | ||
| 010 | _a B-284530, B-212361 | ||
| 020 |
_a8186939253 _c350.00 |
||
| 020 |
_a9788186939253 _c350.00 |
||
| 035 | _aB-284530, B-212359, B-212361,B-212360 | ||
| 040 |
_adpl _bEnglish |
||
| 082 | _aN | ||
| 100 | _aSurendran , C.P. | ||
| 245 |
_aAn iron harvest / _cby C.P.Surendran |
||
| 260 |
_aNew Delhi _bIndiaInk _c2006 |
||
| 270 |
_aRoli Books, M-75, G.K.-II, K Market, _bNew Delhi _cDelhi _e110048 _k29272271, 29212782 _l++91 (011) 29217185 _mroli@vsnl.com |
||
| 300 |
_a326p. _c22cm. (pbk) |
||
| 942 |
_adpl _cEN _2ddc _hN _mSUR |
||